European Currencies - Sudden Death - Statistics

General Stats
  • This quiz has been taken 5,756 times
    1,151 since last reset
  • The average score is 5 of 15
Answers on the Grid
Answers color-coded by a green-red scale on the quiz's grid according to % correct below.
Córdoba
Denar
Dinar
Dirham
Dollar
Escudo
Euro
Forint
Franc
Guaraní
Guilder
Hryvnia
Koruna
Krona
Krone
Kuna
Lari
Lek
Leu
Lev
Mark
Peseta
Peso
Pound
Real
Riyal
Ruble
Schilling
Shekel
Tolar
Yen
Złoty
 
Answer Stats
Answer % Correct
Euro
83%
Franc
59%
Krona
53%
Krone
50%
Pound
48%
Złoty
42%
Ruble
33%
Forint
32%
Koruna
30%
Dinar
24%
Hryvnia
23%
Lek
19%
Mark
19%
Denar
16%
Leu
16%
No matching quizzes found
Score Distribution
Percent of People with Each Score
Percentile by Number Answered
Your Score History
You have not taken this quiz since the last reset